K nové koncepci státní sociální podpory. Potřebujeme vytvořit efektivní systém.
Štátna sociálna podpora ako súčasť nového sociálneho zabezpečenia, ktoré zahŕňa tri systémy: sociálne poistenie, štátnu podporu a sociálnu pomoc. Všeobecné poňatie sociálnej služby a nevyhnutnosť zmeny. Požiadavky na nový systém. Východiská a určujúce činitele pre voľbu inštitucionálneho riešenia vý...
Salvato in:
| Autore principale: | |
|---|---|
| Natura: | Capitolo di libro |
| Lingua: | ceco |
| Soggetti: | |
| Tags: |
Nessun Tag, puoi essere il primo ad aggiungerne!!
|
MARC
| LEADER | 00000naa a2200000 4500 | ||
|---|---|---|---|
| 001 | r012065 | ||
| 005 | 20220826094027.3 | ||
| 041 | 0 | |a cze | |
| 044 | |a CZ | ||
| 245 | 1 | 0 | |a K nové koncepci státní sociální podpory. |b Potřebujeme vytvořit efektivní systém. |c M. Kudlová |
| 520 | |a Štátna sociálna podpora ako súčasť nového sociálneho zabezpečenia, ktoré zahŕňa tri systémy: sociálne poistenie, štátnu podporu a sociálnu pomoc. Všeobecné poňatie sociálnej služby a nevyhnutnosť zmeny. Požiadavky na nový systém. Východiská a určujúce činitele pre voľbu inštitucionálneho riešenia výplaty štátnych dávok. Predpokladaný rozsah činnosti sociálnych úradov. | ||
| 610 | 2 | 0 | |a pomoc sociálna |
| 610 | 2 | 0 | |a podpory |
| 610 | 2 | 0 | |a poistenie sociálne |
| 610 | 2 | 0 | |a služby sociálne |
| 610 | 2 | 0 | |a štát |
| 100 | 1 | |a Kudlová, M. | |